[Event "Norway Chess 6th"]
[Site "Stavanger"]
[Date "2018.06.03"]
[Round "6"]
[White "So, Wesley"]
[Black "Carlsen, Magnus"]
[Result "1-0"]
[WhiteElo "2778"]
[BlackElo "2843"]
[Annotator "So,Wesley"]
[PlyCount "87"]
[EventDate "2018.05.28"]
[EventType "tourn"]
[EventRounds "9"]
[EventCountry "NOR"]
[EventCategory "22"]
[SourceTitle "CBM 185"]
[Source "ChessBase"]
[SourceDate "2018.07.13"]
[SourceVersion "1"]
[SourceVersionDate "2018.07.13"]
[SourceQuality "1"]

{People like to say that I don't play my best against Carlsen. Don't think I hadn't noticed that, but it took my dad Renato to explain it to me.   He told me it is like being a very young and talented soccer player and having pictures of Pele all over your room and knowing by heart every game he ever played. You think about him, dream about him, grow up wanting to be as good as him and when playing by yourself even pretend you are him. And then one day Pele suddenly appears on the field. You can’t move. You can't breathe. Everything is a blur. Which goal posts are yours? You feel like you might faint. Or die. You are overwhelmed because he is older, bigger and has years of experience on you. You see that you are a kid with over size dreams.   Playing Carlsen in Norway is probably like playing Pele in Brazil. It has good points in that the focus is always on him and no one really cares about your games unless you lose to him. You can be sure of a dismissive attitude from the Norwegian commentators and a local audience who only came to see one player (who is that brown boy anyway?).   I appreciate this because it’s very freeing not to carry the burden of expectation. It allows me to focus on the excellence of the Altibox Norway Chess experience (which is one of the best organized events in Europe - a professional chess players dream tournament).   I really love Stavanger and after a meal of my favorite food (salmon), I went to play my game against the favored son of Norway, whom in my 3.5 years of professional play, I had never beaten in a classical game.} 1. d4 {Considering how well prepared Magnus is in the opening these days, I decided to stick to normal lines and not challenge him on the intricacies of the Ruy Lopez.} d5 2. c4 c6 3. cxd5 (3. Nf3 Nf6 4. e3 {is usually how my games with Magnus go. I've had this position against him with both colors.}) 3... cxd5 {Apparently the commentators announced I was playing for a draw by taking on d5... A shocking analysis, as we'd only traded one pawn!} 4. Bf4 Nf6 ({I thought he'd start with} 4... Nc6 5. Nc3 {and now he has the extra option:} e5 $5 (5... Bf5 6. e4 $5)) 5. Nc3 Nc6 6. Nf3 a6 ({I was expecting} 6... Nh5 7. Bd2 Nf6 {which seems to be the most solid variation, but Magnus went for the sideline.}) (6... Bf5 7. e3 e6 8. Qb3 Bb4 9. Ne5 {has become very fashionable lately. Yaroslav Zherebukh beat Ray Robson with it just a couple of months ago in the US Championships.}) 7. Rc1 Bf5 8. e3 {I had a little experience with this variation, having played it against Ivanchuk almost a decade ago when I was thirteen!} Rc8 (8... e6 9. Qb3 Ra7 {is how my game with Ivanchuk went, in World Cup 2009.}) 9. Be2 e6 10. O-O Nd7 {He played this quite fast, so I assumed he was still following his opening ideas.} (10... Be7 11. Qb3 $1 Na5 12. Qa4+ {is supposed to be better for White due to} Nc6 13. Bxa6 $1) (10... Bd6 11. Bxd6 Qxd6 12. Na4 {is not a nice position for Black. Usually he wouldn't want to trade his dark-squared bishop in the Exchange Slav.}) 11. Na4 Be7 {This quietly threatens to attack on the kingside with ...g5-h5.} 12. h3 {Prophylaxis against the aforementioned idea.} O-O ({Magnus castled quite fast. Apparently still} 12... g5 $5 {is very good here. I won't give it an exclamation mark since the position remains very unclear, but it is definitely a good alternative.} 13. Bh2 h5 {Now the kingside pawns look threatening. The position is quite weird and analysis shows it's not easy to play for both sides:} 14. Nd2 (14. Ne1 g4 15. Bd3 Bxd3 16. Nxd3 Rg8 17. Kh1 $13) 14... g4 (14... b5 15. Nc3 Nf6 16. a4 b4 17. Ncb1) 15. hxg4 hxg4 16. Bxg4 Bd3 $1 17. Be2 Bb4 $1 18. Nf3 Be4 $132) 13. a3 {Preparing to push my pawns forward. White is simply faster and better equipped to seize the initiative on the queenside.} Na5 (13... b5 14. Nc5 Nxc5 15. dxc5 Bf6 16. Nd4 Bxd4 17. exd4 Qf6 18. Be3 e5 19. dxe5 Qxe5 20. Qd2 $14 {is a long forcing line that favors White.}) 14. Nc5 $1 Nc4 15. b4 Nxc5 (15... b5 16. Nxa6 Nxa3 17. Nc5 Nc4 18. Ra1 $14) 16. dxc5 ({And not} 16. bxc5 b6 $11) 16... Nxa3 $146 (16... b6 17. Bxc4 dxc4 18. Qxd8 Bxd8 19. Bd6 $16) ({With hindsight} 16... b5 $1 {bolsters the knight and it might be the best defense.} 17. a4 Nb2 18. Qd2 Nxa4 19. Nd4 Bg6 {is very unclear. White has compensation for the pawn but perhaps not much more.}) ({RR} 16... b5 17. a4 Nb2 18. Qd2 Nxa4 19. Nd4 Be4 20. f3 Bg6 21. Ra1 Bf6 22. Bd6 Be7 23. Bh2 Bf6 24. Bd6 Re8 25. Rxa4 bxa4 26. Bxa6 Ra8 27. b5 Rxa6 28. bxa6 Qa8 29. Qa5 Bd3 30. a7 Bxf1 31. Kxf1 {Jimenez Bernal,F (2183)-Alvarez Fernandez,E (2344) Linares 2022 1-0 (35)}) ({RR} 16... b5 17. a4 Nb2 18. Qd2 Nxa4 19. Nd4 Be4 20. f3 Bg6 21. Ra1 Bf6 22. Bd6 Be7 23. Bh2 Bf6 24. Bd6 Re8 25. Rxa4 bxa4 26. Bxa6 Ra8 27. b5 Rxa6 28. bxa6 Qa8 29. Qa5 Bd3 30. a7 Bxf1 31. Kxf1 {Jimenez Bernal,F (2183)-Alvarez Fernandez,E (2344) Linares 2022 1-0 (35)}) 17. Nd4 Be4 18. f3 Bg6 19. Qb3 {I wasn't really worried about sacrificing the a-pawn since his knight is sidelined in many lines.} Nc4 20. Bxc4 dxc4 21. Qxc4 Qe8 $5 {Interesting option and one I could hardly expect. Black keeps the bishop pair for now and he wants to kick my knight away from its central outpost by making the ...e6-e5 break work.} ({I thought he would go for} 21... Bg5 {which is the most natural move, and now} 22. Bxg5 Qxg5 {since I am slightly better, but not much more than that. In fact during the game I couldn't see anything clearly. My dark squares are a little vulnerable and Black is ready to fight for control of the d-file.} 23. Qc3 {is what I was thinking to play, and then:} Rfd8 24. Rfd1 h5 (24... Qe5 25. Kf2 Qf6 26. Ne2 $14) 25. Nb3 Bf5 26. Kh1 $1 Qg3 27. Qe1 $14 {with a few accurate moves White will manage to keep a nagging edge, but over the board the position is never really crystal clear.}) 22. Bg3 {Just a quiet non-commital move, because I couldn't find anything definitive. I decided to just make a move and see what Magnus intended to do next.} (22. c6 $5 e5 $1 (22... b5 23. Qc3 $18 {is just winning for White, the c-pawn is simply too strong.}) 23. Bxe5 bxc6 24. Nxc6 Bxb4 {was the line that Magnus calculated. Black holds here.}) (22. e4 e5 23. Bxe5 Bxc5 24. bxc5 Qxe5 {is better for White, as the bishop on g6 is buried for the time being, but I think Black can hold here too.}) 22... e5 (22... Bg5 {is better.} 23. Rfe1 Qd7 $14 {it's not that easy to break Black's defenses.}) 23. Nb3 Bd8 $2 {This just blunders a pawn. Magnus missed 26.d6 in the variation below.} (23... e4 {is an option but I suppose he wasn't attracted to it.} 24. f4 Bf5 25. Nd4 Bd7 26. f5 $16) (23... Bf5 {also does not fully equalize:} 24. Bxe5 Be6 25. Qc3 Bxb3 26. Qxb3 Bxc5 27. Rxc5 Rxc5 28. Bxg7 $1 $36) (23... h6 $1 {is the best defense, but over the board it is hard to see why.}) 24. Qd5 {Grabbing the gift.} Qb5 $6 {Another mistake.} (24... Bc7 {is perhaps a better defense.} 25. Na5 (25. Qxb7 Bd3 26. Rfd1 Bb5 27. Nd2 $16) 25... Bxa5 26. bxa5 Qe7 27. Qxe5 Qxe5 28. Bxe5 Bd3 29. Rfd1 Bb5 {White is a clear pawn up, but the presence of opposite colored bishops give Black good holding chances. I would estimate Black's chances to draw around 30-40%.}) 25. Bxe5 Be7 (25... Qxb4 26. Bd6 {is what he overlooked.}) 26. Qd2 {I consolidate the pawn of course. Here I was very much delighted with my position.} (26. Na5 $1 b6 27. Nb7 {is the computer's fastest way to destroy any Black resistance. Suffice to say that I did not even see 27.b7 during the game.}) 26... Rfd8 27. Bd6 Bf6 28. e4 h6 {White is definitely winning now. The only question is how to convert my advantage. Having a winning position does not mean a thing unless you can carefully nurse your advantage to a win. As a famous player once pointed out: 'Anyone can get an advantage, but only the BEST players convert them.'} 29. Nd4 Bxd4+ 30. Qxd4 Re8 ({Trading pawns does not help at all:} 30... a5 31. bxa5 Qxa5 32. Ra1 $18 {when the b7 pawn is going to fall.}) 31. Rfe1 Kh7 32. g4 $1 {We were already quite short on time here that's why I didn't hesitate to attack!} (32. f4 f5 {is what I wanted to prevent. The last thing we want is for Black to have some sort of a light-square blockade.}) 32... f6 33. f4 Qc6 $2 {After this blunder Black should be totally 100% lost.} (33... Bf7 {is clearly a better defense. The queen is just better placed on b5.} 34. f5 a5 35. bxa5 Ra8 {and if Black can activate a rook along the a-file he has some saving chances.}) 34. f5 Bf7 35. h4 {Here I knew for a fact that I was winning, however converting advantages is never easy, as you can see from the past games. For example there is a famous game of Magnus back in 2014, in a 4.f3 Nimzo. His opponent was totally winning for many moves, even reaching (computer evaluation) +15 at some point, but nevertheless he managed to find all the worst moves and in the end succeeded in losing the game.} Ra8 36. Rc2 (36. Rc3 {was my first intention and would be very strong. I rejected it because of} a5 37. g5 axb4 (37... Bh5 38. Rg3 {and compared with the rook on g2 there is a big difference: Black has no 38...f3! counterplay.}) 38. g6+ Bxg6 39. fxg6+ Kxg6 {and Black has two pawns but hey, a piece is a piece!}) 36... a5 37. g5 Bh5 $1 {A very good sneaky last try, and one which I underestimated.} 38. g6+ {In Norway there is no time increment or delay until move 60, so time trouble is definitely an issue. Here I used up all my time calculating until I found a series of moves that would bring me to move 40 safely.} ({I was hesitant to open the g-file, but simplest is} 38. gxf6 gxf6 39. b5 $1 {(A very important move, closing the a-file and opening the b-file for White.)} Qxb5 40. Rb2 Qd7 41. Qxf6 Rg8+ 42. Kh2 {when Black has absolutely no counterplay.}) 38... Kh8 39. b5 $1 Qxb5 40. Rb2 Qc6 $2 {Magnus used up almost all of his remaining time and made another mistake. This makes the game very easy to convert.} (40... Qd7 {would have made the game harder for me, but as my friend Anish Giri pointed out White still wins easily with the right moves:} 41. Qd5 $1 (41. Reb1 Bf3 42. Rxb7 Qc6 43. e5 Qc8 $1 {is what I missed in my calculations back in move 37.}) 41... Qc6 42. Qd3 a4 43. Rb6 Qc8 44. Qd5 $1 {White just plays the same position a tempo down as in the game. No worries.} a3 (44... Ra7 45. Qf7 $1 a3 46. c6 a2 47. Rxb7 $18) 45. Rxb7 Rg8 (45... a2 46. Rxg7) 46. c6 a2 47. Ra1 $18) 41. Rb6 Qc8 42. Qd5 a4 (42... Ra7 43. Qf7 {threatens c6 and wins. Due to back rank issues Black's counterplay comes way too late.} Bf3 44. c6 Rxe4 45. Rxe4 Bxe4 46. Bf8 $18 {and mate next move.}) 43. Rxb7 Rg8 (43... Bxg6 44. fxg6 Qg4+ 45. Kf2 {does not do much either, as I have g3 to counter his check on h4.}) 44. c6 {Threatening c7 and b8, therefore Magnus finally resigned! This was a clear big win for me, being my first victory against him in classical chess, and it also evened up the standings in the tournament since we were now co=leaders with +1, and only three games to go.} (44. Rc7 Qe8 45. Qd2 a3 $2 46. Qxh6+ $3 {is another way to win. In the after game interview, Ian Rogers asked me if I played especially focused because I was provoked by a statement my opponent made before the game. It seems he said that I am a player who makes boring draws and he could draw me at will. Actually, having no interest in social media I was completely unaware of the comments. When they told me, I burst out laughing because after all, so what? Sometimes I do make boring draws. Sometimes.}) 1-0

[Event "Biel GM 51st"]
[Site "Biel"]
[Date "2018.07.22"]
[Round "1"]
[White "Carlsen, Magnus"]
[Black "Navara, David"]
[Result "1-0"]
[WhiteElo "2842"]
[BlackElo "2741"]
[Annotator "Krasenkow,Michal"]
[PlyCount "127"]
[EventDate "2018.07.22"]
[EventType "tourn"]
[EventRounds "10"]
[EventCountry "SUI"]
[EventCategory "20"]
[SourceTitle "CBM 186"]
[Source "ChessBase"]
[SourceDate "2018.09.14"]
[SourceVersion "1"]
[SourceVersionDate "2018.09.14"]
[SourceQuality "1"]

1. d4 Nf6 2. Nf3 d5 3. c4 e6 4. Bg5 Bb4+ 5. Nc3 h6 6. Bxf6 Qxf6 7. e3 O-O 8. Rc1 dxc4 9. Bxc4 c5 10. dxc5 Nd7 (10... Bxc5 11. O-O Qe7 {looks like a simpler equaliser.}) 11. O-O (11. c6 {is not too dangerous:} bxc6 (11... Ne5 $6 12. Nxe5 Qxe5 13. Qb3 $1 (13. O-O bxc6 14. Qe2 Rd8 15. Rfd1 Bb7 16. Rxd8+ Rxd8 17. Rd1 Rxd1+ 18. Qxd1 Qc7 19. h3 Bxc3 20. bxc3 c5 $11 {1/2 (37) Giri,A (2790)-Carlsen,M (2863) Shamkir 2015}) 13... Ba5 $5 14. Qb5 (14. cxb7 $5 Rb8 15. Ba6 $1 {looks strong, too} ({but not} 15. bxc8=Q Rfxc8 {, and Black regains material}) {e.g.} 15... Bxb7 16. Bxb7 Qc7 17. O-O Rxb7 18. Qa3 $16) 14... Qxb5 15. Bxb5 bxc6 16. Bd3 Rb8 17. b3 c5 18. Ke2 Bb7 19. f3 $14 {1/2 (30) Abasov,N (2623)-Cheparinov,I (2712) Ankara 2018}) (11... Nb6 12. Bd3 (12. Qb3 $5) (12. Be2 $5) 12... bxc6 13. O-O Bxc3 14. Rxc3 Nd5 15. Rb3 a5 16. Qc1 a4 17. Ra3 Ba6 18. Bxa6 Rxa6 19. Nd4 $14 {1/2 (45) Ruck,R (2571)-Petkov,V (2564) Gabicce Mare 2013}) 12. O-O Ne5 (12... Nb6 13. Be2 Bb7 14. Qc2 c5 15. a3 Bxc3 16. Qxc3 Rac8 17. Qxf6 gxf6 18. Rfd1 Rc7 19. Nd2 Rd8 20. Nb1 Rxd1+ 21. Rxd1 Na4 22. b3 Nb6 23. Nc3 Bd5 24. Rb1 a5 25. e4 Bc6 26. f3 $14 {1/2 (84) Chuchelov,V (2553)-Dragun,K (2547) Germany 2013}) 13. Be2 Rb8 (13... Nxf3+ 14. Bxf3 Ba6 15. Re1 Rab8 16. Qa4 Rb6 17. Red1 Bxc3 18. bxc3 Rd8 19. Qa3 g6 20. h3 Kg7 21. Rd4 $14 {1/2-1/2 (54) Sasikiran,K (2658)-Sandipan,C (2478) Mumbai 2003}) 14. Qa4 Bxc3 15. bxc3 c5 $1 16. Qxa7 Bb7 17. Nxe5 Qxe5 18. Rfd1 Be4 19. Rd2 {1/2 (19) Gelfand,B (2735)-Matlakov,M (2682) Moscow 2016 CBM 171 [Besenthal,K]} Rfd8 $132) (11. Qc2 Nxc5 12. a3 Bxc3+ 13. Qxc3 Qxc3+ 14. Rxc3 Bd7 (14... b6 $5 $11) 15. Ne5 Rfc8 16. Nxd7 Nxd7 17. Ke2 Nb6 18. Rhc1 Kf8 19. f4 Ke7 20. h4 Nxc4 21. Rxc4 Rxc4 22. Rxc4 Kd7 $11 {1-0 (38) Salem,A (2591)-Berescu,A (2458) Abu Dhabi 2014}) 11... Nxc5 (11... Rd8 $5 12. Qc2 (12. Ne4 $5) 12... Bxc3 13. Qxc3 Qxc3 14. Rxc3 Nxc5 15. Be2 b6 16. Rfc1 {1/2 (29) Wang,Y (2737)-Yu,Y (2725) Shenzhen 2016} a5 $11) (11... Bxc3 $5 12. Rxc3 Nxc5 13. Be2 b6 14. Qd4 Qxd4 15. Nxd4 a5 16. Bf3 Ba6 17. Bxa8 Bxf1 $11 {1/2 (25) Krassowizkij,J (2439)-Ochsner,B (2462) Illertissen 2018}) 12. Nb5 {White tries to exploit the vulnerable position of Black's b4-bishop but it is not too painful for Black.} (12. a3 Bxc3 13. Rxc3 Rd8 14. Qe2 b6 $11 {0-1 (42) El Gindy,E (2486)-Ni,H (2666) Tromsoe 2014}) 12... a6 13. Nbd4 b5 (13... Ba5 $5 14. a3 Bb6 15. b4 Ne4 16. Qd3 Ng5 17. Nxg5 hxg5 18. Qe4 {1-0 (36) Salem,A (2638)-Peralta,F (2556) Sitges 2017} Bxd4 19. exd4 Rd8 20. Rfd1 Rb8 $11) 14. Be2 $146 (14. a3 $5 bxc4 15. Rxc4 Bb7 (15... Bxa3 $6 16. bxa3 Ne4 17. Nc6 Bb7 18. Nfe5 $16 {1-0 (30) Jakovenko,D (2749)-Cheparinov,I (2712) Ankara TUR 2018}) 16. Rxb4 Bd5 $44) ({RR} 14. a3 bxc4 15. Rxc4 Bxa3 16. bxa3 Ne4 17. Nc6 Bb7 18. Nfe5 Nc3 19. Qd2 Bxc6 20. Nxc6 Nd5 21. e4 Qf4 22. Qc2 Nb6 23. Rb4 Qc7 24. Rfb1 Nc8 25. Rb7 Qd6 26. Rd1 Qxa3 27. Rb3 Qa4 28. Rd4 Qa1+ {Jakovenko,D (2749)-Cheparinov,I (2712) Ankara 2018 1-0}) 14... e5 15. Nc2 $5 {[%mdl 512] An unexpected queen sacrifice.} (15. a3 exd4 16. axb4 Ne6 17. Nxd4 Rd8 18. Bf3 Rb8 $11) 15... Rd8 16. Nxb4 Rxd1 17. Rfxd1 $44 {White has a development advantage and controls central files; besides, there are weaknesses in Black's camp (e5-pawn, d5-square). Still, one can hardly believe that Black can lose this game.} a5 (17... Nd7 $5 18. Rc6 ({or} 18. Nd5 Qd8) 18... Qe7 {was quite possible but not easy to play.}) (17... e4 $5 18. Rxc5 exf3 19. Bxf3 Qe7 $1 {[%cal Yc8b7]}) 18. Nd5 Qd6 19. Nxe5 (19. Nc3 Qe7 20. Nxb5 Bb7 {, and Black comfortably develops his pieces. If} 21. Nd6 {then} Ba6 $5) 19... Bb7 20. Bf3 Rc8 21. Ng4 Qf8 22. h4 Nd7 23. Rxc8 Bxc8 24. a3 h5 25. Nh2 g6 26. Be2 Ne5 {There was no need to give up a second pawn:} (26... b4 $5 $11) {However, Black wants to activate his pieces as soon as possible.} 27. Bxb5 Bb7 28. Nc3 Qe7 29. Rd4 Qe6 30. Nf1 Qb3 31. Rd2 Nc4 32. Rd7 Nxb2 33. Rxb7 Qxc3 34. Be8 Kf8 35. Bxf7 Qc6 36. Rxb2 Kxf7 {[%mdl 4096]} 37. Rd2 {[%cal Yd2d4,Ya3a4]} Qa4 38. Rd3 Qxh4 {As a result of complications, Black has avoided material losses, and the game should end in a draw.} 39. Rd7+ Kg8 40. Rd4 Qe7 41. a4 Qa3 42. g3 Qa1 43. Kg2 g5 44. Nd2 g4 45. Ne4 Qc1 $2 {Black gives up a pawn once again.} (45... Kg7 $11) 46. Nf6+ Kf7 47. Nxh5 Qc6+ 48. Kg1 Qc1+ 49. Kh2 Kg6 50. Nf4+ Kf6 51. Ng2 Kg5 {It is very difficult to defend now, and Black quickly sinks.} (51... Qc8 $142) 52. Rf4 Qd1 53. Nh4 Qc2 $2 (53... Kh6 $1 54. Nf5+ Kh7 $1 {, and Black holds on.}) 54. Nf5 Qd3 55. e4 Qd7 56. e5 Qh7+ 57. Kg1 Qg6 58. Nd6 Qe6 $2 (58... Qb1+ $142 {but after} 59. Kh2 Qh7+ 60. Kg2 {White should gradually win.}) 59. Rf5+ Qxf5 60. Nxf5 Kxf5 {The pawn endgame is easily winning for White.} 61. f4 gxf3 62. Kf2 Kxe5 63. Kxf3 Kf5 64. Ke3 {White's g-pawn is below the crucial h3-c8 diagonal, and Black's king, after capturing it, can't get to c8.} 1-0

[Event "Biel GM 51st"]
[Site "Biel"]
[Date "2018.07.27"]
[Round "6"]
[White "Navara, David"]
[Black "Carlsen, Magnus"]
[Result "1/2-1/2"]
[WhiteElo "2741"]
[BlackElo "2842"]
[PlyCount "89"]
[EventDate "2018.07.22"]
[EventType "tourn"]
[EventRounds "10"]
[EventCountry "SUI"]
[EventCategory "20"]
[SourceTitle "CBM 186"]
[Source "ChessBase"]
[SourceDate "2018.09.14"]
[SourceVersion "1"]
[SourceVersionDate "2018.09.14"]
[SourceQuality "1"]

1. d4 Nf6 2. c4 e6 3. Nf3 d5 4. Nc3 c5 5. cxd5 Nxd5 6. e4 Nxc3 7. bxc3 cxd4 8. cxd4 Bb4+ 9. Bd2 Bxd2+ 10. Qxd2 O-O 11. Rc1 b6 12. Bd3 Ba6 13. Bxa6 Nxa6 14. O-O Rc8 15. Rxc8 Qxc8 16. Rc1 Qb7 17. Qc2 Nb4 18. Qc4 a5 19. a3 b5 20. Qc7 Qxc7 21. Rxc7 Nd3 22. g3 Rb8 23. Rc3 Nb2 24. Ne5 f6 $146 ({RR} 24... Na4 25. Rb3 Rb6 26. Nd7 Rb7 27. Nc5 Nxc5 28. dxc5 b4 29. axb4 axb4 30. c6 Rc7 31. Rxb4 Kf8 32. Rc4 e5 33. f4 exf4 34. gxf4 Ke7 35. e5 Ke6 36. Rc5 Kf5 37. Rc4 Ke6 38. Rc5 Kf5 39. Rc4 {Richter,N (2328)-Krassowizkij,J (2429) Eberstadt 2022 ½-½ (39)}) ({RR} 24... Na4 25. Rb3 Rb6 26. Nd7 Rb7 27. Nc5 Nxc5 28. dxc5 b4 29. axb4 axb4 30. c6 Rc7 31. Rxb4 Kf8 32. Rc4 e5 33. f4 exf4 34. gxf4 Ke7 35. e5 Ke6 36. Rc5 Kf5 37. Rc4 Ke6 38. Rc5 Kf5 39. Rc4 {Richter,N (2328)-Krassowizkij,J (2429) Eberstadt 2022 ½-½ (39)}) 25. Nc6 Ra8 26. Rb3 Nc4 27. Rxb5 a4 28. d5 exd5 29. exd5 Nxa3 30. Rc5 Kf7 31. Nd4 Ke7 32. Rc3 Nb1 33. Rc7+ Kd6 34. Nb5+ Kxd5 35. Rc1 a3 36. Rxb1 a2 37. Nc3+ Kd4 38. Nxa2 Rxa2 39. Rb7 Ke4 40. Kg2 g5 41. Rxh7 Kf5 42. Rg7 g4 43. Rh7 Kg6 44. Rh4 f5 45. h3 1/2-1/2